Statistics for Travis Scott Rodeo Lyrics

Click here to take the quiz!

General Stats

  • This quiz has been taken 32 times
  • The average score is 8 of 14

Answer Stats

Lyrics:Song title:% Correct
You get high with me. You come down with me. Yeah that's all I need, in my fantasy.Pornography
77%
Damn girl, I'll be up late, if you want you could meet me at the studio.Maria I'm Drunk
73%
Freaks come out at night, we bring our fantasy to life.Nightcrawler
73%
Whole crew, I swear they countin' on me. Gold chains, gold rings, I got an island on me.90210
68%
I don't do no old hoes. Molly girl, oh no no no.Antidote
68%
Did he make it? Did he survive the Rodeo?Apple Pie
68%
Always come and go and never fail. It was never love, I could tell now.Impossible
64%
I use your face as a urinal, then do the same at your funeral.Piss on Your Grave
64%
It all started in the basement. Was an attic but we called that shit the basement.I Can Tell
55%
I've been in and out the courthouse, jury tripping I've been flipping, flipping syrup, sipping, water whipping.Oh My Dis Side
55%
I was born with some nappy hair Drinkin' breast milk out a lean cup.3500
50%
I'm a G, I come through Ma, like WU-T-A-N-G, we come through wildin'. I ain't chicken, Killa Caesar with the chopper (Bang Bang).Nightcrawler
45%
Now I'm thinking 'bout this new girl. What she doing, pop? Wanna know my dick, longer than the pringle box?Pray For Love
36%
Bow your head to a real one, coming down with them main niggas H-Town don't play with us, them wit-it boys stay wit-it.Wasted
32%

Score Distribution

Percentile by Number Answered

Percent of People with Each Score

Your Score History

You have not taken this quiz